[Event "Schleswig Holstein-ch Seniors op 11th"]
[Site "Buesum"]
[Date "2017.09.13"]
[Round "6"]
[White "Juergens, Peter1111"]
[Black "Erhart, Uwe"]
[Result "1/2-1/2"]
[WhiteElo "1893"]
[BlackElo "2035"]
[PlyCount "29"]
[EventDate "2017.09.08"]
[EventType "swiss"]
[EventRounds "9"]
[EventCountry "GER"]
[SourceTitle "EXT 2019"]
[Source "ChessBase"]
[SourceDate "2018.10.10"]
[SourceVersion "1"]
[SourceVersionDate "2018.10.10"]
[SourceQuality "1"]

1. d4 Nf6 2. Bf4 g6 3. e3 Bg7 4. Nf3 d6 5. Be2 0-0 6. 0-0 Nbd7 7. h3 c5 8. c3 b6 9. Nbd2 Bb7 10. a4 a6 11. Bd3 Re8 12. Bh2 d5 13. Ne5 Nxe5 14. Bxe5 Nd7 15. Bxg7 1/2-1/2

[Event "Schleswig Holstein-ch Seniors op 11th"]
[Site "Buesum"]
[Date "2017.09.10"]
[Round "3"]
[White "Erhart, Uwe"]
[Black "Dachrodt, Heinz Guenther"]
[Result "1/2-1/2"]
[WhiteElo "2035"]
[BlackElo "1734"]
[PlyCount "23"]
[EventDate "2017.09.08"]
[EventType "swiss"]
[EventRounds "9"]
[EventCountry "GER"]
[SourceTitle "EXT 2019"]
[Source "ChessBase"]
[SourceDate "2018.10.10"]
[SourceVersion "1"]
[SourceVersionDate "2018.10.10"]
[SourceQuality "1"]

1. e4 c5 2. Nf3 d6 3. Bb5+ Bd7 4. Bxd7+ Qxd7 5. 0-0 g6 6. Nc3 Bg7 7. Re1 Nc6 8. d3 Nf6 9. e5 Nxe5 10. Nxe5 dxe5 11. Rxe5 b6 12. Rb1 1/2-1/2

[Event "Schleswig Holstein-ch Seniors op 11th"]
[Site "Buesum"]
[Date "2017.09.09"]
[Round "2"]
[White "Lachat, Martin"]
[Black "Erhart, Uwe"]
[Result "1/2-1/2"]
[WhiteElo "1636"]
[BlackElo "2035"]
[PlyCount "29"]
[EventDate "2017.09.08"]
[EventType "swiss"]
[EventRounds "9"]
[EventCountry "GER"]
[SourceTitle "EXT 2019"]
[Source "ChessBase"]
[SourceDate "2018.10.10"]
[SourceVersion "1"]
[SourceVersionDate "2018.10.10"]
[SourceQuality "1"]

1. c4 c5 2. Nc3 Nf6 3. Nf3 g6 4. g3 Bg7 5. Bg2 0-0 6. 0-0 Nc6 7. d4 cxd4 8. Nxd4 Nxd4 9. Qxd4 d6 10. Qd1 Rb8 11. b3 Bf5 12. Bb2 Qd7 13. Qd2 Bh3 14. Rad1 Bxg2 15. Kxg2 1/2-1/2

[Event "Bad Woerishofen Seniors op 32nd"]
[Site "Bad Woerishofen"]
[Date "2016.03.03"]
[Round "7"]
[White "Erhart, Uwe"]
[Black "Schnell, Franz"]
[Result "1-0"]
[WhiteElo "2079"]
[BlackElo "1762"]
[PlyCount "101"]
[EventDate "2016.02.26"]
[EventType "swiss"]
[EventRounds "9"]
[EventCountry "GER"]
[SourceTitle "EXT 2019"]
[Source "ChessBase"]
[SourceDate "2018.10.10"]
[SourceVersion "1"]
[SourceVersionDate "2018.10.10"]
[SourceQuality "1"]

1. d4 Nf6 2. c4 d5 3. Nc3 e6 4. a3 c6 5. e3 Nbd7 6. Nf3 Bd6 7. Be2 0-0 8. 0-0 Ne4 9. cxd5 Nxc3 10. bxc3 exd5 11. c4 dxc4 12. Bxc4 Nf6 13. Qc2 Bg4 14. Nd2 Bh5 15. Bd3 Bxh2+ 16. Kxh2 Ng4+ 17. Kg1 Bg6 18. Nf3 Qd5 19. Nh2 Nf6 20. Bxg6 hxg6 21. Qe2 Rae8 22. Bb2 Re4 23. Rac1 Rh4 24. Rc5 Qd6 25. g3 Rh7 26. Qf3 Re8 27. Re5 Rd8 28. Rc5 Re8 29. Re1 Qd7 30. Qg2 Rh6 31. f3 Nd5 32. Ng4 Rh5 33. e4 b6 34. Rcc1 Nf6 35. Ne5 Qe6 36. Rxc6 Qb3 37. Qc2 Qb5 38. Rc8 Kh7 39. Rxe8 Qxe8 40. Kg2 Qb5 41. Qe2 Qb3 42. Rh1 b5 43. Rxh5+ Nxh5 44. Nd3 a5 45. Nc5 Qa2 46. Qxb5 Qb1 47. Qe2 f5 48. Nd3 fxe4 49. fxe4 Kg8 50. d5 Kf8 51. e5 1-0

[Event "Schleswig Holstein-ch Seniors op 9th"]
[Site "Buesum"]
[Date "2015.10.05"]
[Round "7"]
[White "Lehr, Thomas"]
[Black "Erhart, Uwe"]
[Result "1/2-1/2"]
[WhiteElo "1924"]
[BlackElo "2087"]
[PlyCount "47"]
[EventDate "2015.09.28"]
[EventType "swiss"]
[EventRounds "9"]
[EventCountry "GER"]
[SourceTitle "EXT 2018"]
[Source "ChessBase"]
[SourceDate "2017.10.13"]
[SourceVersion "1"]
[SourceVersionDate "2017.10.13"]
[SourceQuality "1"]

1. e4 c5 2. b3 Nc6 3. Bb2 d6 4. Bb5 Bd7 5. Nc3 Nf6 6. d3 g6 7. Nge2 Bg7 8. 0-0 0-0 9. a4 a6 10. Bxc6 Bxc6 11. a5 Ne8 12. Qd2 Nc7 13. Na4 Bxa4 14. Bxg7 Kxg7 15. Rxa4 Qd7 16. f4 f5 17. exf5 Rxf5 18. g3 Rf7 19. d4 cxd4 20. Rxd4 Raf8 21. Rd3 Kg8 22. c4 Qc6 23. Rdf3 Qc5+ 24. Kh1 1/2-1/2

[Event "Schleswig Holstein-ch Seniors op 9th"]
[Site "Buesum"]
[Date "2015.09.29"]
[Round "2"]
[White "Josting, Friedel"]
[Black "Erhart, Uwe"]
[Result "1/2-1/2"]
[WhiteElo "1942"]
[BlackElo "2087"]
[PlyCount "71"]
[EventDate "2015.09.28"]
[EventType "swiss"]
[EventRounds "9"]
[EventCountry "GER"]
[SourceTitle "EXT 2018"]
[Source "ChessBase"]
[SourceDate "2017.10.13"]
[SourceVersion "1"]
[SourceVersionDate "2017.10.13"]
[SourceQuality "1"]

1. d4 Nf6 2. Nf3 b6 3. g3 Bb7 4. Bg2 g6 5. 0-0 Bg7 6. c4 0-0 7. Nc3 Ne4 8. Qc2 Nxc3 9. bxc3 d6 10. Rb1 Nd7 11. Re1 Re8 12. e4 e5 13. Bg5 Bf6 14. Bxf6 Qxf6 15. Qa4 Qe7 16. Nd2 Nf8 17. Nb3 c5 18. dxc5 dxc5 19. Rbd1 Red8 20. Nc1 Rxd1 21. Rxd1 Qc7 22. Qc2 Rd8 23. Qe2 Ba6 24. Rd5 Bb7 25. Rd3 Rxd3 26. Qxd3 Qd7 27. Qxd7 Nxd7 28. Bh3 Nb8 29. f3 Ba6 30. Bf1 Nc6 31. Nb3 Kf8 32. Kf2 Ke7 33. Nd2 Kd6 34. Bd3 Na5 35. Ke3 h6 36. h4 1/2-1/2

[Event "Bad Woerishofen Seniors op 28th"]
[Site "Bad Woerishofen"]
[Date "2012.03.10"]
[Round "9.25"]
[White "Smits, Oswald"]
[Black "Erhart, Uwe"]
[Result "0-1"]
[WhiteElo "1735"]
[BlackElo "1903"]
[PlyCount "80"]
[EventDate "2012.03.02"]
[EventType "swiss"]
[EventRounds "9"]
[EventCountry "GER"]
[SourceTitle "EXT 2022"]
[Source "ChessBase"]
[SourceDate "2021.10.06"]
[SourceVersion "1"]
[SourceVersionDate "2021.10.06"]
[SourceQuality "1"]

1. d4 Nf6 2. Nf3 b6 3. g3 Bb7 4. Bg2 c5 5. 0-0 g6 6. e3 Bg7 7. b3 0-0 8. Bb2 d6 9. Nbd2 Nbd7 10. dxc5 Nxc5 11. Nd4 Bxg2 12. Kxg2 Qc7 13. Rb1 Rac8 14. Qf3 a6 15. Qd1 Rfe8 16. f3 d5 17. Ne2 Rcd8 18. Nc1 Nh5 19. Bxg7 Nxg7 20. Ne2 Nf5 21. Kf2 Qe5 22. e4 dxe4 23. Nc4 Qf6 24. Qe1 exf3 25. Ng1 b5 26. Ne3 Ne4+ 27. Kxf3 Nd2+ 28. Kg2 Nxf1 29. Nxf1 Qc6+ 30. Kh3 Qxc2 31. Nf3 Nd4 32. N3d2 Qf5+ 33. Kg2 Qd5+ 34. Kf2 Nc2 35. Qe2 Qd4+ 36. Kg2 Ne3+ 37. Kh1 Nxf1 38. Nxf1 Qd3 39. Qe1 Rd6 40. Ne3 Qe4+ 0-1

[Event "Bad Woerishofen Seniors op 28th"]
[Site "Bad Woerishofen"]
[Date "2012.03.06"]
[Round "5.21"]
[White "Schwertel, Johann"]
[Black "Erhart, Uwe"]
[Result "0-1"]
[WhiteElo "1881"]
[BlackElo "1903"]
[PlyCount "88"]
[EventDate "2012.03.02"]
[EventType "swiss"]
[EventRounds "9"]
[EventCountry "GER"]
[SourceTitle "EXT 2022"]
[Source "ChessBase"]
[SourceDate "2021.10.06"]
[SourceVersion "1"]
[SourceVersionDate "2021.10.06"]
[SourceQuality "1"]

1. d4 Nf6 2. Nf3 b6 3. g3 Bb7 4. Bg2 c5 5. 0-0 g6 6. c3 Bg7 7. dxc5 bxc5 8. Nbd2 0-0 9. Nb3 d6 10. Bg5 Nbd7 11. Qc1 Re8 12. Ne1 Qb6 13. Bxb7 Qxb7 14. Rb1 Rab8 15. Nf3 Qa6 16. Qc2 Qxa2 17. Nfd2 Qa6 18. Ra1 Qxe2 19. Rxa7 Qh5 20. Bxf6 Nxf6 21. Re1 Bf8 22. Rea1 Ng4 23. Nf1 Qd5 24. Nbd2 Qc6 25. b3 Rb7 26. R7a6 Rb6 27. Rxb6 Qxb6 28. Nc4 Qc7 29. Qe2 Nf6 30. Ra6 Rb8 31. Ra3 e6 32. f4 d5 33. Ne5 Nd7 34. Nxd7 Qxd7 35. Qc2 Qb5 36. Ne3 Bg7 37. Kg2 d4 38. cxd4 Bxd4 39. Nc4 Qc6+ 40. Kh3 Qf3 41. Qb1 Qh5+ 42. Kg2 Qd5+ 43. Kh3 Qxc4 44. Ra8 Qb4 0-1

[Event "Bad Woerishofen Nestors op 27th"]
[Site "Bad Woerishofen"]
[Date "2011.03.29"]
[Round "7"]
[White "Erhart, Uwe"]
[Black "Schurig, Wilhelm"]
[Result "0-1"]
[WhiteElo "2085"]
[BlackElo "1993"]
[PlyCount "62"]
[EventDate "2011.03.24"]
[EventType "swiss"]
[EventRounds "9"]
[EventCountry "GER"]
[SourceTitle "EXT 2012"]
[Source "ChessBase"]
[SourceDate "2011.11.24"]
[SourceVersion "1"]
[SourceVersionDate "2011.11.24"]
[SourceQuality "1"]

1. e4 g6 2. d4 Bg7 3. Nc3 d6 4. f4 e6 5. Nf3 Ne7 6. Bd3 b6 7. 0-0 0-0 8. Qe2 c5 9. dxc5 bxc5 10. Be3 Nbc6 11. Nd1 Nd4 12. Qf2 Nxf3+ 13. Qxf3 Bb7 14. c3 Qc7 15. c4 d5 16. exd5 exd5 17. Qf2 dxc4 18. Bxc4 Nf5 19. Kh1 Rfe8 20. Bxc5 Rac8 21. Rc1 Nd6 22. Bxd6 Qxd6 23. b3 Ba6 24. Nc3 Bxc4 25. bxc4 Qd3 26. Nd5 Rxc4 27. Rxc4 Qxc4 28. Rd1 Re2 29. Qxa7 Bd4 30. Qa8+ Kg7 31. Rf1 Rxa2 0-1

[Event "Schleswig Holstein-ch Seniors 64th"]
[Site "Altenholz"]
[Date "2009.04.09"]
[Round "8"]
[White "Erhart, Uwe"]
[Black "Berenstein, Alexander"]
[Result "1/2-1/2"]
[WhiteElo "2051"]
[BlackElo "2100"]
[PlyCount "72"]
[EventDate "2009.04.04"]
[EventType "swiss"]
[EventRounds "9"]
[EventCountry "GER"]
[SourceTitle "CBM 129 Extra"]
[Source "ChessBase"]
[SourceDate "2009.05.05"]
[SourceVersion "2"]
[SourceVersionDate "2009.05.20"]
[SourceQuality "1"]

1. d4 d5 2. Nf3 Nf6 3. Bg5 Nbd7 4. e3 c6 5. Bd3 Qb6 6. Qc1 e6 7. Nbd2 h6 8. Bh4 c5 9. c3 a5 10. 0-0 Bd6 11. Bg3 Bxg3 12. hxg3 0-0 13. Re1 Re8 14. e4 dxe4 15. Nxe4 Nxe4 16. Bxe4 Nf6 17. dxc5 Qxc5 18. Qe3 Qxe3 19. Rxe3 Nxe4 20. Rxe4 b5 21. a3 Bb7 22. Rd4 Bd5 23. Rad1 Rec8 24. R1d2 Rab8 25. Ne5 Rc7 26. Ng4 Rcb7 27. Ne3 Bb3 28. Rd8+ Rxd8 29. Rxd8+ Kh7 30. Ra8 a4 31. Rd8 g5 32. f4 f5 33. Kf2 Kg6 34. Ke2 Kf6 35. Rh8 Kg7 36. Rd8 Kf6 1/2-1/2

[Event "Schleswig Holstein-ch Seniors 64th"]
[Site "Altenholz"]
[Date "2009.04.07"]
[Round "5"]
[White "Erhart, Uwe"]
[Black "Plewka, Manfred"]
[Result "1-0"]
[WhiteElo "2051"]
[BlackElo "1983"]
[PlyCount "120"]
[EventDate "2009.04.04"]
[EventType "swiss"]
[EventRounds "9"]
[EventCountry "GER"]
[SourceTitle "CBM 129 Extra"]
[Source "ChessBase"]
[SourceDate "2009.05.05"]
[SourceVersion "2"]
[SourceVersionDate "2009.05.20"]
[SourceQuality "1"]

1. e4 c5 2. Nf3 e6 3. d4 cxd4 4. Nxd4 Bc5 5. Nb3 Bb6 6. Bd3 Ne7 7. 0-0 0-0 8. c4 f5 9. exf5 Nxf5 10. Nc3 a6 11. Qc2 Qh4 12. Ne4 d5 13. Ng3 dxc4 14. Qxc4 Qxc4 15. Bxc4 Nxg3 16. hxg3 Nc6 17. Bf4 Kh8 18. Rae1 Re8 19. Be3 Bxe3 20. Rxe3 e5 21. Nc5 Nd4 22. Rfe1 Bf5 23. Rxe5 Rxe5 24. Rxe5 b5 25. Bd5 Rc8 26. Bb7 Rd8 27. Bxa6 g6 28. Nb3 Nxb3 29. axb3 Rd1+ 30. Kh2 Rd2 31. f3 Rxb2 32. Rxb5 Kg7 33. Rb7+ Kf6 34. g4 Bc2 35. Bc4 h5 36. Kh3 hxg4+ 37. Kxg4 Bf5+ 38. Kg3 Ke5 39. Re7+ Kf6 40. Re2 Rb1 41. Kf4 Rg1 42. Rb2 Re1 43. Be2 Rc1 44. b4 Rc6 45. b5 Rb6 46. g4 Bd7 47. Ke4 Ke6 48. Kd4 Kd6 49. Bd3 Be8 50. f4 Bd7 51. g5 Be8 52. Bc4 Bd7 53. Bf7 Ke7 54. Kc5 Rxb5+ 55. Rxb5 Kxf7 56. Rb7 Ke6 57. Rxd7 Kxd7 58. Kd5 Ke7 59. Ke5 Kf7 60. Kd6 Kf8 1-0

[Event "Seefeld op 19th"]
[Site "Seefeld"]
[Date "2008.09.10"]
[Round "6"]
[White "Schmidt, Juergen"]
[Black "Erhart, Uwe"]
[Result "1/2-1/2"]
[WhiteElo "2038"]
[BlackElo "2107"]
[PlyCount "56"]
[EventDate "2008.09.05"]
[EventType "swiss"]
[EventRounds "9"]
[EventCountry "AUT"]
[SourceTitle "EXT 2010"]
[Source "ChessBase"]
[SourceDate "2010.11.25"]
[SourceVersion "1"]
[SourceVersionDate "2010.11.25"]
[SourceQuality "1"]

1. e4 c5 2. Nf3 d6 3. d4 cxd4 4. Nxd4 Nf6 5. Nc3 g6 6. Bc4 Bg7 7. Be3 0-0 8. f3 Nc6 9. Qd2 Bd7 10. 0-0-0 Rc8 11. Bb3 Ne5 12. h4 Nc4 13. Bxc4 Rxc4 14. h5 Nxh5 15. g4 Nf6 16. Kb1 Re8 17. Qh2 Rxc3 18. bxc3 Qa5 19. Nb3 Qxc3 20. Rd3 Qc6 21. Bd4 Be6 22. Bb2 Bc4 23. Na5 Qb5 24. Nxc4 Qxc4 25. Rc3 Qb5 26. Rb3 Qc6 27. Rc3 Qb5 28. Rb3 Qc6 1/2-1/2

[Event "Seefeld op 19th"]
[Site "Seefeld"]
[Date "2008.09.08"]
[Round "4"]
[White "Ranker, Klemens"]
[Black "Erhart, Uwe"]
[Result "1-0"]
[WhiteElo "1960"]
[BlackElo "2107"]
[PlyCount "31"]
[EventDate "2008.09.05"]
[EventType "swiss"]
[EventRounds "9"]
[EventCountry "AUT"]
[SourceTitle "EXT 2010"]
[Source "ChessBase"]
[SourceDate "2010.11.25"]
[SourceVersion "1"]
[SourceVersionDate "2010.11.25"]
[SourceQuality "1"]

1. e4 c5 2. Bc4 d6 3. Nc3 Nf6 4. d3 g6 5. Bd2 Bg7 6. Nge2 Nc6 7. 0-0 0-0 8. Ng3 a6 9. a4 Bd7 10. f4 Nd4 11. f5 b5 12. axb5 axb5 13. Ba2 b4 14. Nce2 Nxe2+ 15. Qxe2 Ra7 16. Bxf7+ 1-0

[Event "Schleswig Holstein-ch Seniors op"]
[Site "Eckernfoerde"]
[Date "2007.10.01"]
[Round "6"]
[White "Erhart, Uwe"]
[Black "Micheel, Peter"]
[Result "1/2-1/2"]
[WhiteElo "2107"]
[BlackElo "1956"]
[PlyCount "72"]
[EventDate "2007.09.26"]
[EventType "swiss"]
[EventRounds "7"]
[EventCountry "GER"]
[SourceTitle "EXT 2008"]
[Source "ChessBase"]
[SourceDate "2007.11.25"]
[SourceVersion "1"]
[SourceVersionDate "2007.11.25"]
[SourceQuality "1"]

1. e4 d5 2. exd5 Qxd5 3. Nc3 Qa5 4. d4 c6 5. Nf3 Bf5 6. Bd2 e6 7. Bc4 Qc7 8. Bb3 Bd6 9. Qe2 Nf6 10. 0-0-0 Nbd7 11. h3 0-0-0 12. Rhe1 Nd5 13. Ne5 Nxe5 14. dxe5 Be7 15. Nb1 Rd7 16. c4 Nb4 17. Bxb4 Bxb4 18. Rxd7 Qxd7 19. Rd1 Qc7 20. Bc2 Bg6 21. a3 Be7 22. f4 Rd8 23. Rxd8+ Qxd8 24. Bxg6 hxg6 25. Nc3 Qd4 26. Ne4 f5 27. exf6 gxf6 28. g3 Kd7 29. Kc2 f5 30. Nc3 Bf6 31. Qd3 Kd6 32. Qe2 e5 33. fxe5+ Qxe5 34. g4 Qxe2+ 35. Nxe2 fxg4 36. hxg4 Be5 1/2-1/2

[Event "GER-chT Seniors 16th"]
[Site "Halle"]
[Date "2007.09.19"]
[Round "7.4"]
[White "Thielemann, Joachim"]
[Black "Erhart, Uwe"]
[Result "1/2-1/2"]
[WhiteElo "1959"]
[BlackElo "2107"]
[PlyCount "43"]
[EventDate "2007.09.13"]
[EventType "team"]
[EventRounds "7"]
[EventCountry "GER"]
[SourceTitle "EXT 2008"]
[Source "ChessBase"]
[SourceDate "2007.11.25"]
[SourceVersion "1"]
[SourceVersionDate "2007.11.25"]
[SourceQuality "1"]

1. e4 c5 2. Nc3 Nc6 3. g3 g6 4. Bg2 Bg7 5. Nge2 e6 6. 0-0 Nge7 7. d3 0-0 8. Rb1 Rb8 9. h3 d6 10. f4 Nd4 11. Be3 Nec6 12. a3 Nxe2+ 13. Nxe2 Nd4 14. c3 Nxe2+ 15. Qxe2 b6 16. Rbd1 Bb7 17. d4 Qe7 18. Kh2 Rfd8 19. dxc5 dxc5 20. Rxd8+ Rxd8 21. Rd1 Rxd1 22. Qxd1 1/2-1/2

[Event "GER-chT Seniors 16th"]
[Site "Halle"]
[Date "2007.09.14"]
[Round "2.4"]
[White "Erhart, Uwe"]
[Black "Potthammel, Joerg"]
[Result "1-0"]
[WhiteElo "2107"]
[BlackElo "2082"]
[PlyCount "75"]
[EventDate "2007.09.13"]
[EventType "team"]
[EventRounds "7"]
[EventCountry "GER"]
[SourceTitle "EXT 2008"]
[Source "ChessBase"]
[SourceDate "2007.11.25"]
[SourceVersion "1"]
[SourceVersionDate "2007.11.25"]
[SourceQuality "1"]

1. e4 c6 2. d4 d5 3. Nc3 dxe4 4. Nxe4 Bf5 5. Ng3 Bg6 6. h4 h6 7. Nf3 Nd7 8. h5 Bh7 9. Bd3 Bxd3 10. Qxd3 Qc7 11. Bd2 Ngf6 12. Qe2 e6 13. Ne5 Nxe5 14. dxe5 Nd7 15. f4 0-0-0 16. 0-0-0 Be7 17. Ne4 Nc5 18. Nxc5 Bxc5 19. Qg4 Rhg8 20. Bc3 Rxd1+ 21. Rxd1 Rd8 22. Rd3 Rxd3 23. cxd3 Bf8 24. Kc2 Qd7 25. Qe2 Qd5 26. a3 a5 27. g4 a4 28. f5 Be7 29. f6 gxf6 30. exf6 Bf8 31. Qe4 Qb3+ 32. Kd2 Qb6 33. Qxa4 Qf2+ 34. Kc1 Bc5 35. Qe4 Be3+ 36. Kb1 Qf1+ 37. Ka2 Qc1 38. Qh7 1-0